Asian Cities with over 15 million pop - Statistics

General Stats
  • This quiz has been taken 22 times
  • The average score is 14 of 17
Answer Stats
Hint Answer % Correct
40,000,000 Shànghăi
100%
20,900,000 Bĕijīng
95%
28,900,000 Jakarta
95%
40,800,000 Tokyo
95%
33,400,000 Delhi
91%
67,800,000 Guăngzhōu
91%
26,600,000 Mumbai
86%
17,700,000 Ōsaka
86%
24,900,000 Seoul
86%
16,200,000 Tehrān
86%
20,500,000 Bangkok
77%
19,100,000 Karāchi
77%
26,700,000 Manila
77%
17,400,000 Kolkata
73%
21,300,000 Dhaka
59%
16,600,000 Chéngdū
55%
16,100,000 İstanbul
55%
No matching quizzes found
Score Distribution
Percent of People with Each Score
Percentile by Number Answered
Your Score History
You have not taken this quiz